000 00275nam a2200097Ia 4500
001 691526
005 20250826161837.0
008 250824s9999 xx 000 0 und d
245 0 _aBİR DEVLETE ADINI VEREN ATA SELÇUK BEY
_cAHMET HALDUN TERZİOĞLU
260 _bPANAMA YAYINLARI
999 _c691526
_d691526